Ekonomika rozvojových krajín

Saved in:
Bibliographic Details
Main Author: Gavaľová, Viera
Corporate Author: Ekonomická univerzita v Bratislave. Obchodná fakulta
Format: Book
Language:Slovak
Published: Bratislava Vydavateľstvo EKONÓM 2000
Subjects:
Tags: Add Tag
No Tags, Be the first to tag this record!

MARC

LEADER 00000nam a2200000 4500
001 c123468
005 20221123132718.9
020 |a 80-225-1330-X 
041 0 |a slo 
044 |a SK 
245 1 0 |a Ekonomika rozvojových krajín  |c Viera Gavaľová 
264 1 |a Bratislava  |b Vydavateľstvo EKONÓM  |c 2000 
300 |a 127 s. 
610 2 0 |a hospodárstvo národné 
610 2 0 |a ekonómia 
610 2 0 |a krajiny rozvojové 
610 2 0 |a zaostalosť hospodárska 
610 2 0 |a vývoj hospodársky 
610 2 0 |a integrácia 
610 2 0 |a integrácia ekonomická 
610 2 0 |a integrácia ekonomická medzinárodná 
610 2 0 |a Afrika 
610 2 0 |a Ázia 
610 2 0 |a Južná Amerika 
610 2 0 |a spolupráca hospodárska medzinárodná 
610 2 0 |a organizácie medzinárodné 
610 2 0 |a rozvoj hospodársky 
610 2 0 |a rozvoj regionálny 
100 1 |a Gavaľová, Viera 
710 2 |a Ekonomická univerzita v Bratislave. Obchodná fakulta